000 00445nam a2200145 i 4500
001 78370
003 ES-MaACL
007 t|
008 041014s1945 xxu ||||1| eng d
100 1 _aHatch, Alden.
_962064
245 1 0 _aGeneral Ike
_b: a biography of Dwight D. Eisenhower /
_cAlden Hatch.
260 _aNew York :
_bHenry Holt and Company,
_c[1945]
300 _aVI, 288 p., 10 lám. :
_bil. ;
_c21 cm.
852 _aES-MaACL
_jG-7298
_bR.53693
999 _c78370
_d78370